000 00590nam a2200253Ia 4500
005 20260121153835.0
008 008 260114s9999 xx 000 0 eng d
020 _a9781315274690
037 _aEBOOK
040 _aCRL
040 _beng
040 _cCRL
041 _2eng
041 _aeng
084 _qCRL
100 _aB. E. Mann; J.W. Akitt
_9999794
245 0 _aNMR and Chemistry
260 _bTaylor and Francis
260 _c2000
856 _uhttp://www.taylorfrancis.com/books/9781315274690
942 _cEBOOK
999 _c1566615
_d1566615